Environmental Management: (Record no. 206904)

MARC details
000 -LEADER
fixed length control field 00633nam a22001817a 4500
010 ## - LCCN (DPL NO)
LC control number ENG-142594
020 ## - INTERNATIONAL STANDARD BOOK NUMBER
International Standard Book Number 495.00
Terms of availability 9789352301362
035 ## - SYSTEM CONTROL NUMBER
System control number EN-126126
037 ## - SOURCE OF ACQUISITION
Stock number DBAD
082 ## - DEWEY DECIMAL CLASSIFICATION NUMBER
Classification number 363.70068
100 ## - MAIN ENTRY--PERSONAL NAME
Personal name Krishna, I.V. Murali
245 ## - TITLE STATEMENT
Title Environmental Management:
Remainder of title A Primer for industries/
Statement of responsibility, etc By I.V. Murali Krishna [and] Vali Manickam
260 ## - PUBLICATION, DISTRIBUTION, ETC. (IMPRINT)
Place of publication, distribution, etc Hyderabad
Name of publisher, distributor, etc BSPublications
Date of publication, distribution, etc 2016
270 ## - ADDRESS
Address 4-4-309/316, Giriraj Lane, Sultan Bazar
City Hyderabad
Postal code 500095
Telephone number 040-23445605, 040-23445688
300 ## - PHYSICAL DESCRIPTION
Extent 588p
Dimensions 24cm.(Pb)
700 ## - ADDED ENTRY--PERSONAL NAME
Personal name Manickam, Vali
9 (RLIN) 73768
942 ## - ADDED ENTRY ELEMENTS (KOHA)
Source of classification or shelving scheme Dewey Decimal Classification
Item type English Books
Classification part 363.70068
Call number suffix KRI
Holdings
Withdrawn status Lost status Not for loan Collection code Home library Current library Date acquired Source of acquisition Cost, normal purchase price Full call number Barcode Copy number Cost, replacement price Koha item type
      Non-fiction Bawana Bawana 06/11/2024 DBAD 495.00 363.70068 KRI EN-126126 1 495.00 English Books

© Delhi Public Library
Hit Counter
free hit counter